• 首页
  • 本馆介绍
  • 公告通知
  • 最新文献
  • 馆藏检索
  • 电子资源
  • 读者导购
  • 参考咨询
  • 我的图书馆
  • 登录
  • 详细信息显示
  • 放入我的书架
  • 预约/预借图书
  • 作者相关作品
  • 分类相关作品
  • 丛书相关作品
  • 出版社相关作品

书目信息

  • 表格格式
  • 工作单格式
  • 卡片格式
题名:
产业组织理论
    
 
作者: 杜朝晖 编著
分册:  
出版信息: 北京   中国人民大学出版社  2010
页数: 311页
开本: 26cm
丛书名:
单 册:
中图分类: F062.9
科图分类:
主题词: 产业组织理论--高等教育--教材 , 产业组织理论
电子资源:
ISBN: 978-7-300-12317-2
000 01070nam0 2200265 450
001 523
005 20140908151010.23
010    @a978-7-300-12317-2@dCNY32.00
100    @a20101012d2010 em y0chiy50 ea
101 0  @achi
102    @aCN@b110000
105    @ay z 000yy
106    @ar
200 1  @a产业组织理论@AChan Ye Zu Zhi Li Lun@dIntroduction organization@f杜朝晖编著@FDu Chao Hui Bian Zhu@zeng
210    @a北京@c中国人民大学出版社@d2010
215    @a311页@d26cm
300    @a普通高等教育“十一五”国家级规划教材 21世纪经济学系列教材
330    @a本书主要介绍了产业组织学的研究对象、研究方法,产业组织理论的形成与发展,阐述了产业组织学的基本理论框架,描绘了产业组织的国际化发展,以及产业组织政策体系。最后,分析了经济全球化及我国产业组织的变化,并对我国目前的产业组织政策提出了相关的政策建议。
510 1  @aIntroduction organization@zeng
606 0  @a产业组织理论@x高等教育@j教材
606 0  @a产业组织理论
690    @aF062.9@v5
701  0 @a杜朝晖@ADu Chao Hui@c(女)@4编著
801  0 @aCN@bTANGWEI@c20140603
905    @b0839323-25@dF062.9@e126@f3
    
    产业组织理论=Introduction organization/杜朝晖编著.-北京:中国人民大学出版社,2010
    311页;26cm
    普通高等教育“十一五”国家级规划教材 21世纪经济学系列教材
    
    ISBN 978-7-300-12317-2:CNY32.00
    本书主要介绍了产业组织学的研究对象、研究方法,产业组织理论的形成与发展,阐述了产业组织学的基本理论框架,描绘了产业组织的国际化发展,以及产业组织政策体系。最后,分析了经济全球化及我国产业组织的变化,并对我国目前的产业组织政策提出了相关的政策建议。
●
相关链接 在E读中查询图书 在五车中查询图书 在当当中查询图书 在豆瓣中查询图书


正题名:产业组织理论     索取号:F062.9/126         预约/预借

序号 登录号 条形码 馆藏地/架位号 状态 备注
1 0839323   208393237   第一样本阅览室/ [索取号:F062.9/126] 在馆    
2 0839324   208393246   第一借阅区/ [索取号:F062.9/126] 在馆    
3 0839325   208393255   第一借阅区/ [索取号:F062.9/126] 在馆    
唐山师范学院图书馆 欢迎您!
大连网信软件有限公司© 版权所有